000 00213nam a22000857a 4500
008 170405b xxu||||| |||| 00| 0 eng d
100 _93073
_aCCE
245 _aEnglish language Literature
260 _aNew Delhi
_bGBP
_c2010
999 _c6358
_d6358